000 00569nam a2200193Ia 4500
003 GCL
008 140319s9999 xx 000 0 ara d
040 _aGCL /
_cGCL
082 0 4 _a813.03
_bا و
100 1 _aاحسان عبدالقدوس
245 1 0 _aوكر الوطاويط /
_cاحسان عبدالقدوس
260 _a[S.N] :
_bالاهرام للترجمة والنشر ،
_c1988
300 _a232 ص
490 _a
650 0 4 _aالادب العربى
650 0 4 _aالقصص العربية
650 0 4 _aالقصة العربية
942 _2ddc
_cBK
999 _c31990
_d31990